banner-ar

كشاف القدس : (Record no. 7571)

MARC details
000 -الفاتح
حقل البيانات ثابتة الطول 01085nam a2200241Ia 4500
008 - عناصر البيانات ثابتة الطول - معلومات عامة
حقل البيانات ثابتة الطول 140319s9999 xx 000 0 ara d
020 ## - الرقم الدولى المعيارى للكتب
الرقم الدولى المعيارى للكتاب 5034218977
040 ## - مصدر الفهرسة
وكالة الفهرسة الأصلية GCL /
وكالة النسخ GCL
082 04 - رقم تصنيف ديوى العشرى
رقم التصنيف 011.0095691
رقم المادة ر ك
100 1# - المدخل الرئيسى - إسم شخصى
الإسم الشخصى رضا صبحى الوزيرى
245 10 - بيان العنوان
العنوان كشاف القدس :
بقية العنوان قائمة ببليوجرافية عن كل ما كتب عن مدينة القدس خلال الفترة من يناير 1967 حتى ديسمبر 2000 فى بعض المجلات والجرائد المصرية /
بيان المسئوليه,etc رضا صبحى الوزيرى
700 1# - المدخل الاضافى - اسم شخصى
الإسم الشخصى عايدة حنفى
700 1# - المدخل الاضافى - اسم شخصى
الإسم الشخصى محمد جلال غندور
260 ## - PUBLICATION, DISTRIBUTION, ETC. (IMPRINT)
تاريخ النشر أو التوزيع 2004
300 ## - الوصف المادى
التعداد 460ص+44ص ؛
أبعاد الوعاء 30سم
650 04 - المدخل الاضافى بالموضوع-مصطلح موضوعى
مصطلح موضوعي فلسطين المحتلة
650 04 - المدخل الاضافى بالموضوع-مصطلح موضوعى
مصطلح موضوعي الفدائيون الفلسطينيون
650 04 - المدخل الاضافى بالموضوع-مصطلح موضوعى
مصطلح موضوعي فلسطين - تاريخ - العصر الحديث - الاحتلال الصهيونى
650 04 - المدخل الاضافى بالموضوع-مصطلح موضوعى
مصطلح موضوعي القدس - ببليوجرافيات
650 04 - المدخل الاضافى بالموضوع-مصطلح موضوعى
مصطلح موضوعي القدس - كشافات
942 ## - عناصر المدخل الإضافي( كوها)
مصدر التصنيف او مخطط الترفيف Dewey Decimal Classification
Koha [default] item type كتاب
260 ## - PUBLICATION, DISTRIBUTION, ETC. (IMPRINT)
-- القاهرة :
-- دار الكتب والوثائق القومية ،
Holdings
حالة التراجع حالة الفقد حالة تلف ليس للاعارة المكان المؤقت الموقع الحالى تاريخ الاكتساب اجمالي اﻻعارات رقم الطلب الباركود تاريخ اخر مشاهدة تاريخ تفعيل السعر نوع وعاء كوها
        مكتبة القاهرة الكبرى مكتبة القاهرة الكبرى 03/26/2014   011.0095691\ر ك 15598 03/26/2014 03/26/2014 كتاب

Powered By

EGPV